| 000 | 01213nam a22002657a 4500 | ||
|---|---|---|---|
| 005 | 20170124103056.0 | ||
| 010 | _aA-674847 | ||
| 020 |
_c35.00 _a8123705212 |
||
| 035 | _aA-674847 | ||
| 037 | _bCen Lib/Ret | ||
| 040 |
_aDPL _bHN |
||
| 082 |
_aउ _bपिल्लैसी |
||
| 100 |
_aपिल्लै, सी.वी.रमन _974961 |
||
| 245 |
_aरामराजा बहादुर / _cसी.वी.रमन पिल्लै ; अनुवादक एन.ई.विश्वनाथ अय्यर |
||
| 246 |
_aRamraja Bahadur / _bby C.V.Raman Pillae ; anuvadak N.E.Vishvnath Ayyar |
||
| 260 |
_aनयी दिल्ली _bनेशनल बुक ट्रस्ट _c1993 |
||
| 270 |
_aए-5, ग्रीन पार्क _bनयी दिल्ली _e110016 |
||
| 300 |
_a186पृ. _c20सेमी (सजिल्द) |
||
| 650 |
_aहिन्दी साहित्य _974962 |
||
| 650 |
_aहिन्दी -- उपन्यास _974963 |
||
| 650 |
_aHindi literature _974964 |
||
| 650 |
_aHindi -- Fiction _927248 |
||
| 700 |
_aअय्यर, एन.ई.विश्वनाथ _974965 |
||
| 942 |
_2ddc _cHN _hउ _mपिल्लैसी |
||
| 999 |
_c117499 _d117499 |
||